00918nam a22002297a 45000010005000000030006000050050017000110080041000280200018000690400029000870500016001160820008001321000023001402450126001632500045002892600037003343000049003714900027004205200169004476500040006167000032006566140FISKH20250318151132.0250318b cb ||||| |||| 00| 0 eng d a9780545483117 aFISKHbengcFISKHdFISKH aE178 .D2525 a973 aDavis, Kenneth C.  aThe presidents /cKenneth C. Davis athor of the best selling Don't know much about history / Illustrated by Pedro Martin  aFirst Scholastic printing , October 2012 aNew York : bScholastic ;c2002. a63 pages : bcolor illustrations ;c26 cm .  aDon't know much about  aPresents, in question and answer format, a history of the United States from the exploration of Christopher Columbus to the terrorist attacks of September 11, 2001. aQuestions and answersvNon-fiction  aMartin, Pedroeillustrator